[Event "St Petersburg Summer op"]
[Site "St Petersburg"]
[Date "2017.08.24"]
[Round "9"]
[White "Kuleba, Ivan"]
[Black "Kalashnikov, Nikita"]
[Result "1-0"]
[WhiteElo "1589"]
[BlackElo "1569"]
[PlyCount "144"]
[EventDate "2017.08.16"]
[EventType "swiss"]
[EventRounds "9"]
[EventCountry "RUS"]
[SourceTitle "CBM 180 Extra"]
[Source "ChessBase"]
[SourceDate "2017.10.06"]
[SourceVersion "1"]
[SourceVersionDate "2017.10.06"]
[SourceQuality "1"]

1. e4 d5 2. exd5 Qxd5 3. Nc3 Qa5 4. Bc4 c6 5. d3 Bf5 6. Bd2 e6 7. Qe2 Nd7 8. 0-0-0 Ngf6 9. h3 Nb6 10. Nb5 Qa4 11. Nc7+ Kd7 12. Bb3 Qd4 13. Nxa8 Nxa8 14. Nf3 Qd6 15. Ne5+ Ke7 16. g4 Bg6 17. f4 Nd7 18. Rde1 Nxe5 19. Qxe5 Qxe5 20. Rxe5 f6 21. Rxe6+ Kd7 22. Re2 f5 23. Be6+ Kd8 24. gxf5 Bh5 25. Re3 Bd6 26. Rg3 g6 27. Re1 Nc7 28. fxg6 hxg6 29. Bb3 Rf8 30. Rf1 Rf5 31. Rg5 Ke7 32. Rxf5 gxf5 33. Re1+ Kd7 34. Rg1 Be7 35. Bc3 Nb5 36. Be5 Nd6 37. Kd2 Ne8 38. Rg8 Nd6 39. Bxd6 Bxd6 40. Ke3 Kc7 41. Be6 Kb6 42. Bxf5 Bf7 43. Rg7 Bxa2 44. Bc8 Bc7 45. f5 c5 46. f6 Bd5 47. h4 Be5 48. h5 Bxb2 49. h6 Bc1+ 50. Ke2 Bxh6 51. Rh7 Bg5 52. Rh5 Bxf6 53. Rxd5 Ba1 54. Rd7 Kc6 55. Rxb7 a6 56. Rb1 Bc3 57. Bxa6 Kd5 58. Ke3 Bd4+ 59. Kd2 Kc6 60. c3 Bh8 61. Kc2 Bf6 62. Kb3 Be5 63. Kc4 Bf4 64. d4 cxd4 65. cxd4 Be3 66. d5+ Kd6 67. Re1 Bf4 68. Re6+ Kd7 69. Bb5+ Kc7 70. Rc6+ Kd8 71. d6 Kd7 72. Kd5 Bg3 1-0